Alternative dispute resolution (ADR) in construction. (Record no. 91459)

MARC details
000 -LEADER
fixed length control field 00799cam a2200265 4500
001 - CONTROL NUMBER
control field J1555
008 - FIXED-LENGTH DATA ELEMENTS--GENERAL INFORMATION
fixed length control field 090401t1993 xxu||||| |||| 00| 0 eng d
035 ## - SYSTEM CONTROL NUMBER
System control number (Sirsi) u44197
041 ## - LANGUAGE CODE
Language code of text/sound track or separate title eng
050 ## - LIBRARY OF CONGRESS CALL NUMBER
Classification number 347.4107
100 ## - MAIN ENTRY--PERSONAL NAME
Personal name Kwayke, A.A.
245 ## - TITLE STATEMENT
Title Alternative dispute resolution (ADR) in construction.
260 ## - PUBLICATION, DISTRIBUTION, ETC.
Place of publication, distribution, etc. Ascot, Berks.
Name of publisher, distributor, etc. Chartered Institute of Building
Date of publication, distribution, etc. 1993
300 ## - PHYSICAL DESCRIPTION
Extent 5p. ; 30cm.
350 ## - PRICE (NR) (BK AM CF MU VM SE) [OBSOLETE]
Price 0
490 ## - SERIES STATEMENT
Series statement Construction Papers
Volume/sequential designation 21
650 ## - SUBJECT ADDED ENTRY--TOPICAL TERM
Topical term or geographic name entry element ALTERNATIVE DISPUTE RESOLUTION
650 ## - SUBJECT ADDED ENTRY--TOPICAL TERM
Topical term or geographic name entry element ALTERNATIVE DISPUTE RESOLUTION
650 ## - SUBJECT ADDED ENTRY--TOPICAL TERM
Topical term or geographic name entry element BUILT ENVIRONMENT-BUILDING CONTRACT FORMS
650 ## - SUBJECT ADDED ENTRY--TOPICAL TERM
Topical term or geographic name entry element BUILDING INDUSTRY
690 ## - LOCAL SUBJECT ADDED ENTRY--TOPICAL TERM (OCLC, RLIN)
Topical term or geographic name as entry element BUILT ENVIRONMENT-BUILDING CONTRACT FORMS
710 ## - ADDED ENTRY--CORPORATE NAME
Corporate name or jurisdiction name as entry element Chartered Institute of Building
9 (RLIN) 2134
942 ## - ADDED ENTRY ELEMENTS (KOHA)
Suppress in OPAC 0
948 ## - LOCAL PROCESSING INFORMATION (OCLC); SERIES PART DESIGNATOR (RLIN)
c (OCLC) 04/03/1997
Holdings
Withdrawn status Lost status Source of classification or shelving scheme Damaged status Not for loan Home library Current library Shelving location Date acquired Total Checkouts Full call number Barcode Date last seen Copy number Price effective from Koha item type
    Dewey Decimal Classification     London London Enquiry desk 27/05/1993   BOXED SET 30038805 06/08/2019 1 06/08/2019 Book